Ohrozenie uplatňovania štandardu IFRS 8 v Európskej únii

Výbor pre ekonomické a monetárne záležitosti (Committee on Economic and Monetary Affairs) Európskeho parlamentu schválil 18.4.2007 návrh rezolúcie parlamentu, ktorá sa týka uplatňovania štandardu IFRS 8 v prostredí Európskej únie.

Enregistré dans:
Détails bibliographiques
Auteur principal: Tumpach, Miloš, 1970-
Format: Chapitre de livre
Langue:slovaque
Sujets:
Tags: Ajouter un tag
Pas de tags, Soyez le premier à ajouter un tag!

MARC

LEADER 00000nla$a2200000$$$4500
001 0134524
005 20240502072517.5
041 0 |a slo 
044 |a SK 
245 1 0 |a Ohrozenie uplatňovania štandardu IFRS 8 v Európskej únii  |c Miloš Tumpach 
520 |a Výbor pre ekonomické a monetárne záležitosti (Committee on Economic and Monetary Affairs) Európskeho parlamentu schválil 18.4.2007 návrh rezolúcie parlamentu, ktorá sa týka uplatňovania štandardu IFRS 8 v prostredí Európskej únie. 
610 2 0 |a štandardy účtovné medzinárodné 
610 2 0 |a IFRS 
610 2 0 |a Európska únia 
610 2 0 |a IAS 
100 1 |a Tumpach, Miloš, 1970-